[Event "COL-ch U12"]
[Site "Bogota"]
[Date "2015.05.15"]
[Round "5"]
[White "Pedraza Hernandez, Juan Pablo"]
[Black "Soto, Miguel Angel"]
[Result "0-1"]
[WhiteElo "1647"]
[BlackElo "1969"]
[PlyCount "82"]
[EventDate "2015.05.13"]
[EventType "tourn"]
[EventRounds "9"]
[EventCountry "COL"]
[SourceTitle "CBM 166 Extra"]
[Source "ChessBase"]
[SourceDate "2015.06.18"]
[SourceVersion "1"]
[SourceVersionDate "2015.06.18"]
[SourceQuality "1"]

1. d4 Nf6 2. Bf4 g6 3. Nf3 Bg7 4. e3 0-0 5. Nbd2 d5 6. h3 c6 7. Bd3 Nbd7 8. c3 Ne8 9. 0-0 f6 10. Bh2 e5 11. Bc2 e4 12. Ne1 f5 13. f3 exf3 14. Qxf3 Ndf6 15. Qe2 Nd6 16. Ndf3 Qe7 17. Nd3 Nd7 18. Bb3 b6 19. Nde5 Nxe5 20. Nxe5 Bxe5 21. Bxe5 a5 22. Qd2 a4 23. Bc2 Nc4 24. Qc1 Nxe5 25. dxe5 Qxe5 26. Bd3 b5 27. Qd2 Re8 28. Rae1 Bd7 29. Qe2 a3 30. Qc2 axb2 31. Qxb2 Ra4 32. a3 Rea8 33. Kf2 b4 34. Bc2 bxa3 35. Qb3 R4a7 36. Ra1 Rb8 37. Qa2 Qxc3 38. Rfb1 Rb2 39. Rxb2 axb2 40. Qxa7 bxa1Q 41. Qxa1 Qxa1 0-1

[Event "COL-ch U12"]
[Site "Bogota"]
[Date "2015.05.14"]
[Round "2"]
[White "Valera Padilla, Federico Jose"]
[Black "Pedraza Hernandez, Juan Pablo"]
[Result "1-0"]
[WhiteElo "1622"]
[BlackElo "1647"]
[PlyCount "83"]
[EventDate "2015.05.13"]
[EventType "tourn"]
[EventRounds "9"]
[EventCountry "COL"]
[SourceTitle "CBM 166 Extra"]
[Source "ChessBase"]
[SourceDate "2015.06.18"]
[SourceVersion "1"]
[SourceVersionDate "2015.06.18"]
[SourceQuality "1"]

1. e4 c5 2. d3 a6 3. Nd2 Nf6 4. Ngf3 d6 5. g3 g6 6. Bg2 Bg7 7. 0-0 Nc6 8. c3 e5 9. Qe2 0-0 10. Re1 Re8 11. Nf1 Be6 12. Nh4 Qd7 13. Ne3 Rad8 14. Kh1 Ne7 15. f4 Bg4 16. Nxg4 Qxg4 17. Qxg4 Nxg4 18. Kg1 Nc6 19. h3 Nf6 20. f5 b5 21. fxg6 hxg6 22. Bg5 Rd7 23. Rf1 Nh7 24. Be3 Bf8 25. Rf2 Be7 26. Nf3 Bd8 27. Raf1 f6 28. Nh2 Kg7 29. h4 b4 30. Bh3 Rf7 31. Ng4 Be7 32. Nh6 Rff8 33. Bd7 Rd8 34. Bxc6 bxc3 35. bxc3 g5 36. hxg5 fxg5 37. Nf5+ Kg6 38. Nxe7+ Kh5 39. Rh2+ Kg4 40. Nf5 Rxf5 41. exf5 d5 42. Rxh7 1-0

[Event "Central Region-ch U10"]
[Site "Duitama"]
[Date "2012.05.10"]
[Round "2.1"]
[White "Pedraza Hernandez, Juan Pablo"]
[Black "Cotes Ontibon, Juan Sebastian"]
[Result "0-1"]
[WhiteElo "1510"]
[BlackElo "2017"]
[PlyCount "52"]
[EventDate "2012.05.10"]
[EventType "swiss"]
[EventRounds "7"]
[EventCountry "COL"]
[SourceTitle "EXT 2024"]
[Source "ChessBase"]
[SourceDate "2023.10.10"]
[SourceVersion "1"]
[SourceVersionDate "2023.10.10"]
[SourceQuality "1"]

1. e4 d5 2. exd5 Qxd5 3. Nc3 Qa5 4. d3 c6 5. Bd2 Qe5+ 6. Be2 Bf5 7. Nf3 Qc7 8. 0-0 Nf6 9. Re1 e6 10. Nd4 Ng4 11. Bxg4 Bxg4 12. Qxg4 Nd7 13. Bf4 Qb6 14. Nb3 Nf6 15. Qf3 Be7 16. Qe3 Qd8 17. Qe5 0-0 18. Qc7 Qxc7 19. Bxc7 Ng4 20. Ne4 Nf6 21. Nxf6+ Bxf6 22. Bd6 Rfd8 23. Ba3 Bd4 24. Re2 Rd5 25. Nxd4 Rxd4 26. Bc5 Rd5 0-1